Statistiques concernant Les 20 préfectures les plus proches de Belfort

Cliquez ici pour prendre le quiz!

Statistiques générales

  • Ce quiz a été pris 82 fois
  • Le résultat moyen est 16 sur 20

Statistiques - réponses

distance (en km)ville préfecture% Correct
124Strasbourg
99%
77Besancon
95%
61Colmar
95%
141Dijon
95%
260Lyon
92%
173Metz
92%
128Nancy
92%
247Auxerre
83%
65Epinal
81%
53Vesoul
80%
200Troyes
79%
146Lons le Saunier
77%
214Macon
77%
139Chaumont
72%
202Bourg en Bresse
71%
236Chalons en Champagne
71%
201Annecy
69%
241Chambery
64%
178Bar le Duc
63%
285Charleville Mezieres
55%

Distribution des résultats

Percentile par nombre de réponses

% des personnes avec chaque résultat

Votre développement - résultats

Vous n’avez pas pris ce quiz